000 00936nam a22002057a 4500
003 OSt
005 20160620110317.0
008 150409b xxu||||| |||| 00| 0 eng d
040 _cBMC
082 _a658.3
100 1 _935739
_aHerrera Posada, Iris Hipatia
245 1 0 _aPasantía de asistente del departamento de operaciones de la empresa hidráulica Santaneca S.A. de C.V.
_b: Informe final
_cIris Hipatia Herrera Posada
260 _aSanta Ana (El Salvador)
_bUniversidad Católica de El Salvador
_c2008
300 _a37 h.
_c28 cm
_e+ 1 disco compacto
500 _aPrecede al tít.: Universidad Católica de El Salvador, Facultad de Ciencias Económicas
502 _aTrabajo de graduación para optar al grado académico de Licenciada en Administración de Empresas
650 2 4 _95702
_aGestión de recursos humanos
710 2 _91067
_aUniversidad Católica de El Salvador
_bFacultad de Ciencias Empresariales
942 _2ddc
_cTG
999 _c22070
_d22070